[Event "GRE-ch U18 Girls"]
[Site "Larisa"]
[Date "2023.01.05"]
[Round "5"]
[White "Christodoulou, Georgia"]
[Black "Tsapaki, Asimenia"]
[Result "1/2-1/2"]
[WhiteElo "1604"]
[BlackElo "1498"]
[PlyCount "70"]
[EventDate "2023.01.02"]
[EventType "swiss"]
[EventRounds "9"]
[EventCountry "GRE"]
[SourceTitle "CBM 212 Extra"]
[Source "ChessBase"]
[SourceDate "2023.03.31"]
[SourceVersion "1"]
[SourceVersionDate "2023.03.31"]
[SourceQuality "1"]

1. Nf3 c5 2. c4 g6 3. g3 Bg7 4. Bg2 Nc6 5. Nc3 e5 6. d3 Nge7 7. e4 0-0 8. 0-0 d6 9. Ne1 f5 10. f4 Be6 11. Nc2 fxe4 12. Nxe4 Nf5 13. fxe5 dxe5 14. g4 Nfd4 15. Rxf8+ Qxf8 16. Nxd4 exd4 17. h3 Bd7 18. Qe2 Re8 19. Bd2 Qe7 20. Rf1 b6 21. a3 Bc8 22. Qe1 Ne5 23. Qg3 Bb7 24. Bg5 Qc7 25. Bf4 Qd7 26. Bxe5 Bxe5 27. Qf2 Qe7 28. b4 Bg7 29. bxc5 Rf8 30. Qe1 bxc5 31. Nf6+ Bxf6 32. Qxe7 Bxe7 33. Rxf8+ Kxf8 34. Bxb7 h5 35. gxh5 gxh5 1/2-1/2

[Event "Wch U14 Girls"]
[Site "Mamaia"]
[Date "2022.09.06"]
[Round "1"]
[White "Christodoulou, Georgia"]
[Black "Kirtadze, Anastasia"]
[Result "1-0"]
[WhiteElo "1494"]
[BlackElo "1922"]
[PlyCount "149"]
[EventDate "2022.09.06"]
[EventType "swiss"]
[EventRounds "11"]
[EventCountry "ROU"]
[SourceTitle "CBM 210 Extra"]
[Source "ChessBase"]
[SourceDate "2022.11.30"]
[SourceVersion "1"]
[SourceVersionDate "2022.11.30"]
[SourceQuality "1"]

1. Nf3 c5 2. g3 g6 3. Bg2 Bg7 4. 0-0 Nc6 5. c3 e5 6. e4 Nge7 7. d3 d6 8. Be3 Bg4 9. Nbd2 0-0 10. h3 Be6 11. Nb3 c4 12. dxc4 Bxc4 13. Re1 d5 14. Nfd2 Ba6 15. exd5 Nxd5 16. Bc5 Nde7 17. Bxc6 bxc6 18. Nf3 Nd5 19. Bxf8 Qxf8 20. Nxe5 Qd6 21. Nd3 Bc4 22. Nb4 a5 23. Nxd5 cxd5 24. Qd2 Qd7 25. Kh2 h5 26. Rad1 h4 27. Qf4 hxg3+ 28. fxg3 Qa7 29. Qe3 Qb8 30. Rd2 Bf8 31. Nc5 Qc7 32. Nd3 a4 33. Nf4 Qb7 34. Qf3 Rd8 35. a3 Bg7 36. Qg2 Bb3 37. Nd3 Qb5 38. Nb4 Bc4 39. Qf3 Qc5 40. Rf2 Rf8 41. Rd1 Bb3 42. Rdd2 Bh6 43. Rd4 Bg7 44. Rdd2 Bh6 45. Rd4 Bg7 46. Rxd5 Bxd5 47. Nxd5 f5 48. Re2 Rf7 49. Nb4 Kh7 50. Qd5 Qc7 51. Qc6 Qd8 52. Qxa4 f4 53. gxf4 Bh6 54. Qe8 Bxf4+ 55. Kg2 Qg5+ 56. Kh1 Qf5 57. Qe6 Qb1+ 58. Re1 Qf5 59. Qxf5 gxf5 60. a4 Bg3 61. Rf1 f4 62. Kg2 Rd7 63. a5 Kg6 64. Kf3 Kf5 65. a6 Re7 66. Nd5 Rd7 67. Rd1 Rh7 68. Ra1 Rxh3 69. a7 Be1+ 70. Kg2 Rg3+ 71. Kh2 Kg4 72. Nf6+ Kh4 73. a8Q Rh3+ 74. Kg1 Rg3+ 75. Kf1 1-0

[Event "GRE-ch Schools Gym-B"]
[Site "Athen"]
[Date "2022.06.12"]
[Round "4"]
[White "Styfougias, Evangelos"]
[Black "Christodoulou, Georgia"]
[Result "1-0"]
[WhiteElo "1357"]
[BlackElo "1443"]
[PlyCount "91"]
[EventDate "2022.06.12"]
[EventType "swiss"]
[EventRounds "9"]
[EventCountry "GRE"]
[SourceTitle "EXT 2023"]
[Source "ChessBase"]
[SourceDate "2022.10.05"]
[SourceVersion "1"]
[SourceVersionDate "2022.10.05"]
[SourceQuality "1"]

1. e4 c5 2. Nf3 Nc6 3. d4 cxd4 4. Nxd4 Nf6 5. Nc3 e5 6. Ndb5 d6 7. Bg5 a6 8. Na3 b5 9. Nd5 Be7 10. Bxf6 Bxf6 11. Nxf6+ Qxf6 12. Qd5 Bb7 13. Rd1 Rd8 14. Be2 Ba8 15. Qd2 Nd4 16. f3 Nxe2 17. Qxe2 d5 18. exd5 Bxd5 19. 0-0 0-0 20. Rfe1 Rfe8 21. b3 Qb6+ 22. Qe3 Qa5 23. Nb1 b4 24. c4 bxc3 25. Nxc3 f6 26. b4 Qxb4 27. Rxd5 Rxd5 28. Nxd5 Qc4 29. Qb3 Qd4+ 30. Ne3+ Kh8 31. Qa4 Ra8 32. Qc6 Qd8 33. Rd1 Qc8 34. Rc1 Qb8 35. Nd5 Qa7+ 36. Qc5 Qb7 37. Nb6 Rd8 38. Nc4 h6 39. Na5 Qb2 40. a3 Rd2 41. Qc8+ Kh7 42. Qf5+ Kg8 43. Rc8+ Kf7 44. Rc7+ Ke8 45. Qe6+ Kd8 46. Qe7# 1-0

[Event "GRE-ch U18 Girls"]
[Site "Chania"]
[Date "2021.07.18"]
[Round "6"]
[White "Christodoulou, Georgia"]
[Black "Alexandri, Dimitra"]
[Result "1-0"]
[WhiteElo "1373"]
[BlackElo "1252"]
[PlyCount "161"]
[EventDate "2021.07.15"]
[EventType "swiss"]
[EventRounds "9"]
[EventCountry "GRE"]
[SourceTitle "EXT 2022"]
[Source "ChessBase"]
[SourceDate "2021.10.06"]
[SourceVersion "1"]
[SourceVersionDate "2021.10.06"]
[SourceQuality "1"]

1. e4 e5 2. Nf3 Nc6 3. Bb5 a6 4. Ba4 Nf6 5. d3 b5 6. Bb3 Be7 7. 0-0 d6 8. c3 Na5 9. Bc2 c5 10. Nbd2 0-0 11. Re1 h6 12. Nf1 Qc7 13. Ng3 Be6 14. d4 Rac8 15. dxe5 dxe5 16. Qe2 Rfd8 17. b3 c4 18. b4 Nc6 19. h3 Ra8 20. Be3 a5 21. a3 Ra6 22. Red1 Rda8 23. Qe1 axb4 24. axb4 Qc8 25. Bd2 Nd7 26. Nf5 Bf8 27. Ne3 Nb6 28. Rdb1 Qb7 29. Rxa6 Qxa6 30. Qc1 Qa7 31. Bd1 Bd6 32. Nc2 Na4 33. Ra1 Qb7 34. Ne3 Nb6 35. Ra3 Rxa3 36. Qxa3 Qa7 37. Qxa7 Nxa7 38. Nc2 Bc8 39. Be3 Bc7 40. Bxb6 Bxb6 41. Nxe5 Bb7 42. Bf3 Bc7 43. Ng4 h5 44. Nge3 Be5 45. Nd1 g6 46. Nce3 Nc8 47. Nd5 Bxd5 48. exd5 Nb6 49. d6 Bxd6 50. Bc6 Be5 51. Bxb5 Nd5 52. Bxc4 Nxc3 53. Ne3 Bd6 54. b5 Bc5 55. Kf1 Kf8 56. Ke1 Ke7 57. Kd2 Ne4+ 58. Ke2 Nc3+ 59. Kd3 Na4 60. Ke4 Nc3+ 61. Kd3 Na4 62. Bd5 Nb6 63. Bc6 f6 64. f3 Bxe3 65. Kxe3 g5 66. Ke4 Ke6 67. Kd4 Kd6 68. g3 f5 69. h4 g4 70. fxg4 fxg4 71. Be8 Kc7 72. Bxh5 Na4 73. Bxg4 Kb6 74. Bd7 Nc5 75. Bc6 Ne6+ 76. Ke5 Nd8 77. h5 Nxc6+ 78. bxc6 Kxc6 79. h6 Kd7 80. h7 Ke7 81. h8Q 1-0

[Event "GRE-chT Online Rapid (Women) 1st"]
[Site "Tornelo INT"]
[Date "2021.02.20"]
[Round "3.8"]
[White "Christodoulou, Georgia"]
[Black "Chatzipanagiotou, Asimenia"]
[Result "0-1"]
[WhiteElo "1373"]
[BlackElo "1591"]
[PlyCount "102"]
[EventDate "2021.02.20"]
[EventType "team-swiss (rapid)"]
[EventRounds "9"]
[EventCountry "GRE"]
[SourceTitle "EXT 2023"]
[Source "ChessBase"]
[SourceDate "2022.10.05"]
[SourceVersion "1"]
[SourceVersionDate "2022.10.05"]
[SourceQuality "1"]

1. e4 c5 2. c3 Nf6 3. e5 Nd5 4. d4 cxd4 5. cxd4 Nc6 6. Nf3 d6 7. Bc4 Nb6 8. Bb5 a6 9. Bxc6+ bxc6 10. 0-0 e6 11. Bf4 Bb7 12. Qb3 d5 13. Nc3 Rb8 14. Qc2 Nc4 15. b3 Na3 16. Qb2 Nb5 17. Ne2 Be7 18. Qd2 0-0 19. Bg5 h6 20. Bxe7 Qxe7 21. Qf4 c5 22. dxc5 Qxc5 23. Qg3 Nc3 24. Nf4 Ne4 25. Qg4 Kh8 26. Nh5 Rg8 27. Qf4 Qe7 28. Nd2 Nxd2 29. Qxd2 Qh4 30. Qe2 Rbc8 31. Qf3 Rc7 32. Rac1 Rgc8 33. Rxc7 Rxc7 34. Qe2 Qg5 35. f4 Qg6 36. Ng3 Rc2 37. Qf3 Rxa2 38. Rc1 Rc2 39. Qd1 Rxc1 40. Qxc1 Qd3 41. Kf2 Qxb3 42. Qc7 Qb2+ 43. Ne2 Kg8 44. Qd8+ Kh7 45. Qf8 Qb6+ 46. Kf3 d4+ 47. Kg3 Qb3+ 48. Kf2 Qe3+ 49. Ke1 Bxg2 50. Qb4 d3 51. Qb1 Qxe2# 0-1

[Event "GRE-ch Online Blitz (Women) 1st"]
[Site "Tornelo INT"]
[Date "2021.02.07"]
[Round "16"]
[White "Christodoulou, Georgia"]
[Black "Kapnaki, Charikleia"]
[Result "1-0"]
[WhiteElo "1224"]
[BlackElo "1056"]
[PlyCount "63"]
[EventDate "2021.02.07"]
[EventType "swiss (blitz)"]
[EventRounds "16"]
[EventCountry "GRE"]
[SourceTitle "EXT 2023"]
[Source "ChessBase"]
[SourceDate "2022.10.05"]
[SourceVersion "1"]
[SourceVersionDate "2022.10.05"]
[SourceQuality "1"]

1. e4 e6 2. d4 d5 3. e5 c5 4. c3 Nc6 5. Nf3 Qb6 6. Bd3 cxd4 7. cxd4 Bd7 8. Bc2 Bb4+ 9. Nc3 Nge7 10. 0-0 Ng6 11. a3 Be7 12. Re1 0-0 13. Bxg6 fxg6 14. b4 Qd8 15. Be3 a5 16. b5 Nb8 17. a4 Bb4 18. Qd3 b6 19. Rec1 Qe7 20. Rc2 Qf7 21. Rac1 Qf5 22. Qe2 h6 23. Na2 Bxb5 24. Qxb5 Na6 25. Rc6 Ba3 26. R1c3 Nb4 27. Nxb4 Qb1+ 28. Bc1 Qxb4 29. Qxb4 Bxb4 30. Rc2 Rab8 31. Rxe6 Kh7 32. Rcc6 1-0